| 000 | 01014 a2200325 4500 | ||
|---|---|---|---|
| 999 |
_c200002095 _d26266 |
||
| 001 | 200002095 | ||
| 003 | TR-AnTOB | ||
| 005 | 20230809001349.0 | ||
| 008 | 120528b tu 000 0 | ||
| 020 | _a9789944606233 (basılı) | ||
| 020 | _a9789944606226 (Elekt) | ||
| 040 |
_aTR-AnTOB _cTR-AnTOB |
||
| 041 | _atur | ||
| 050 |
_aHC491.A2 _bE36 2010 2010 |
||
| 090 | _aHC491.A2 E36 2010 2010 | ||
| 245 | 0 |
_aEkonomik rapor : _b2009 yılında Türkiye ve dünya ekonomisi / _cedt. Nevzat Eren, Beril Tezcan Çotuk.i. |
|
| 264 | 1 |
_aistanbul : _bİstanbul Ticaret Odas, _c2009. |
|
| 300 |
_a212 s. _btbl.;grf.; _c30 cm. |
||
| 336 |
_2rdacontent _atext _btxt |
||
| 337 |
_2rdamedia _aunmediated _bn |
||
| 338 |
_2rdacarrier _avolume _bnc |
||
| 490 | 0 |
_aİTO ; _v2010-26 |
|
| 504 | _aKaynakca var. | ||
| 651 | 0 |
_aTürkiye _xEkonomik durum _980633 |
|
| 651 | 7 |
_aTürkiye _xEkonomi politikası _2 _911070 |
|
| 700 |
_aÇotuk, Beril Tezcan _970868 |
||
| 700 |
_aEren, Nevzat _977148 |
||
| 942 |
_cBK _2lcc |
||